000 00281nam a2200109Ia 4500
008 220204s9999 xx 000 0 und d
082 _a308(548.3)
_bSAR
100 _aSaradamoni, K
245 0 _aDivided poor: Study of a Kerala Village
260 _aDelhi
_bAjanta
_c1981
942 _cBK
999 _c36475
_d36475